[Event "World Blitz 2015"]
[Site "Berlin GER"]
[Date "2015.10.14"]
[Round "14.23"]
[White "Mamedov, Rauf"]
[Black "Zhang, Zhong"]
[Result "1-0"]
[WhiteTitle "GM"]
[BlackTitle "GM"]
[WhiteElo "2657"]
[BlackElo "2619"]
[WhiteFideId "13401653"]
[BlackFideId "8600694"]
[EventDate "2015.10.13"]

1. e4 e5 2. Nc3 Nc6 3. g3 g6 4. Bg2 Bg7 5. d3 d6 6. h3 Nge7 7. Nge2 Be6 8. Nd5
h6 9. c4 Qd7 10. Be3 Nd4 11. Nxd4 exd4 12. Bd2 c6 13. Nf4 O-O 14. O-O c5 15. b4
Nc6 16. bxc5 dxc5 17. Rb1 b6 18. Nd5 Rab8 19. Kh2 Kh7 20. f4 f5 21. Qf3 fxe4 22.
dxe4 Na5 23. Bxa5 bxa5 24. Qa3 Bxd5 25. cxd5 c4 26. e5 Qf5 27. Rbd1 d3 28. Qc3
Rb4 29. a3 Rb3 30. Qxc4 Rxa3 31. g4 Qc8 32. Qxc8 Rxc8 33. d6 Rc4 34. e6 Ra2 35.
e7 Re2 36. d7 Rcc2 37. Rg1 Bd4 38. e8=Q 1-0

[Event "World Blitz 2015"]
[Site "Berlin GER"]
[Date "2015.10.14"]
[Round "14.25"]
[White "Ponkratov, Pavel"]
[Black "Morozevich, Alexander"]
[Result "0-1"]
[WhiteTitle "GM"]
[BlackTitle "GM"]
[WhiteElo "2604"]
[BlackElo "2711"]
[WhiteFideId "4157800"]
[BlackFideId "4116992"]
[EventDate "2015.10.13"]

1. d4 Nf6 2. c4 e6 3. Nc3 Bb4 4. Qc2 b6 5. e4 c5 6. e5 cxd4 7. a3 Bxc3+ 8. bxc3
Ng8 9. cxd4 Bb7 10. a4 Nc6 11. Nf3 Rc8 12. Be2 Nge7 13. O-O Na5 14. Ra3 Nf5 15.
Rd1 O-O 16. Rc3 d6 17. Ba3 Re8 18. d5 dxe5 19. dxe6 Qf6 20. exf7+ Qxf7 21. c5 h6
22. cxb6 axb6 23. Rxc8 Rxc8 24. Qb1 Qg6 25. g3 Qe6 26. Qb5 Nc4 27. Bc1 Rc5 28.
Qb3 Kh7 29. Bxc4 Rxc4 30. Nxe5 Rxc1 0-1

[Event "World Blitz 2015"]
[Site "Berlin GER"]
[Date "2015.10.14"]
[Round "14.26"]
[White "Sasikiran, Krishnan"]
[Black "Alekseev, Evgeny"]
[Result "0-1"]
[WhiteTitle "GM"]
[BlackTitle "GM"]
[WhiteElo "2639"]
[BlackElo "2642"]
[WhiteFideId "5004985"]
[BlackFideId "4138147"]
[EventDate "2015.10.13"]

1. Nf3 c5 2. g3 Nc6 3. Bg2 g6 4. O-O Bg7 5. d3 d6 6. c4 e6 7. Nc3 Nge7 8. Bd2 b6
9. a3 Bb7 10. Rb1 Qd7 11. b4 O-O 12. e3 h6 13. b5 Ne5 14. Nxe5 Bxe5 15. Bxb7
Qxb7 16. e4 Bg7 17. Qe2 Rad8 18. Rbe1 Rfe8 19. a4 Qd7 20. f4 d5 21. cxd5 exd5
22. e5 h5 23. Qg2 Nf5 24. h3 c4 25. dxc4 dxc4 26. Ne4 Qd3 27. Rf3 Qc2 28. Bc3
Qxa4 29. Qb2 Qb3 30. Qxb3 cxb3 31. Rb1 Nd4 32. Bxd4 Rxd4 33. Nd6 Rd8 34. Rbxb3
Bf8 35. Rfd3 Bxd6 36. exd6 R8xd6 37. Rxd4 Rxd4 38. Ra3 Rd7 39. Kf2 Kg7 40. g4
hxg4 41. hxg4 Kf6 42. Ke3 Ke6 43. Ke4 f5+ 44. gxf5+ gxf5+ 45. Ke3 Rc7 46. Kd4
Kd6 47. Rh3 Re7 48. Rh6+ Re6 49. Rh7 Re4+ 50. Kc3 Kc5 51. Rxa7 Rxf4 52. Kd3 Kxb5
53. Rf7 Kb4 54. Kc2 b5 55. Kd3 Kb3 56. Ke3 Re4+ 57. Kd3 Rf4 58. Ke3 Rf1 59. Ke2
Rc1 60. Rxf5 b4 61. Kd2 Rc6 62. Rf4 Ka3 63. Rf8 b3 64. Rb8 Ka2 65. Ra8+ Kb1 66.
Rb8 b2 0-1

[Event "World Blitz 2015"]
[Site "Berlin GER"]
[Date "2015.10.14"]
[Round "14.27"]
[White "Meier, Georg"]
[Black "Gajewski, Grzegorz"]
[Result "0-1"]
[WhiteTitle "GM"]
[BlackTitle "GM"]
[WhiteElo "2654"]
[BlackElo "2654"]
[WhiteFideId "4675789"]
[BlackFideId "1116207"]
[EventDate "2015.10.13"]

1. Nf3 d5 2. g3 Nf6 3. Bg2 Bg4 4. O-O c6 5. h3 Bxf3 6. Bxf3 Nbd7 7. d3 e6 8. Bg2
Qc7 9. c4 dxc4 10. dxc4 Be7 11. Nc3 O-O 12. Qc2 Rfd8 13. b3 a5 14. Rd1 Nc5 15.
Bf4 e5 16. Be3 Ne6 17. Na4 Nd4 18. Qb2 Nd7 19. Rac1 Bf6 20. c5 g6 21. h4 Bg7 22.
Rd2 Nf5 23. Bg5 f6 24. e4 fxg5 25. exf5 gxf5 26. Qc2 e4 27. Qc4+ Kf8 28. Qe6 Qe5
29. Qc4 Nf6 30. Rxd8+ Rxd8 31. hxg5 Ng4 32. Qe2 e3 33. f4 Rd2 34. Qxg4 Qe6 35.
Qh5 e2 36. Kh2 e1=Q 37. Rxe1 Qxe1 38. Qxh7 Qe4 39. Qh3 Qf3 40. Qxf5+ Kg8 41.
Qe6+ Kh8 42. Qe8+ Kh7 43. g6+ Kh6 0-1

[Event "World Blitz 2015"]
[Site "Berlin GER"]
[Date "2015.10.14"]
[Round "14.30"]
[White "Safarli, Eltaj"]
[Black "Fressinet, Laurent"]
[Result "0-1"]
[WhiteTitle "GM"]
[BlackTitle "GM"]
[WhiteElo "2657"]
[BlackElo "2702"]
[WhiteFideId "13402129"]
[BlackFideId "608742"]
[EventDate "2015.10.13"]

1. e4 e5 2. Nc3 Nc6 3. Nf3 Nf6 4. g3 Bb4 5. Bg2 Bxc3 6. dxc3 h6 7. O-O d6 8. Re1
Be6 9. b3 Qd7 10. c4 Bh3 11. Nh4 Bxg2 12. Kxg2 Ne7 13. Qf3 b6 14. a4 a5 15. Be3
Qg4 16. Qxg4 Nxg4 17. h3 Nf6 18. Nf5 Nxf5 19. exf5 Kd7 20. Rad1 Kc6 21. g4 h5
22. g5 Ng8 23. Kf3 Ne7 24. Ke4 Rad8 25. f4 f6 26. gxf6 gxf6 27. Rg1 d5+ 28.
cxd5+ Nxd5 29. Kf3 e4+ 30. Kf2 Ne7 31. Bd4 Nxf5 32. Bxf6 Rxd1 33. Rxd1 Rg8 34.
Bg5 Rg6 35. c4 Rd6 36. Rxd6+ Kxd6 37. Bf6 Kc5 38. Bd8 c6 39. Ke2 Kb4 40. Bxb6
Kxb3 41. Bxa5 Kxa4 42. Bb6 Kb4 43. c5 Kc4 44. Ba7 Kd4 45. Bb8 Kxc5 46. Be5 Kd5
47. Bc3 c5 48. Bb2 Kc4 49. Ba3 Nd4+ 50. Ke3 Kd5 51. Bb2 Nf5+ 52. Ke2 c4 53. Bc3
Kc5 54. Kf2 Kb5 55. Ke2 Ka4 56. Be5 Kb3 57. Kd2 e3+ 58. Kc1 c3 0-1

[Event "World Blitz 2015"]
[Site "Berlin GER"]
[Date "2015.10.14"]
[Round "14.31"]
[White "Motylev, Alexander"]
[Black "Kovalenko, Igor"]
[Result "1/2-1/2"]
[WhiteTitle "GM"]
[BlackTitle "GM"]
[WhiteElo "2649"]
[BlackElo "2700"]
[WhiteFideId "4121830"]
[BlackFideId "14117908"]
[EventDate "2015.10.13"]

1. e4 e6 2. d4 d5 3. e5 c5 4. c3 Nc6 5. Nf3 Qb6 6. a3 c4 7. Nbd2 Na5 8. Be2 Bd7
9. O-O Be7 10. Re1 Nh6 11. Bf1 O-O 12. Qc2 Kh8 13. h3 Nf5 14. Rb1 Rac8 15. Nh2
Nb3 16. Nxb3 Ba4 17. Qe2 Qxb3 18. Bd2 Qa2 19. Bf4 Qb3 20. Nf3 Qc2 21. Bd2 Nh4
22. Nh2 Qg6 23. Kh1 Bc2 24. Rbc1 Bd3 25. Qg4 Bxf1 26. Rxf1 h5 27. Qxg6 fxg6 28.
g3 Nf3 29. Nxf3 Rxf3 30. Kg2 Rd3 31. Rfd1 b5 32. h4 a5 33. Be1 Rxd1 34. Rxd1 Kg8
35. Bd2 Kf7 36. f4 Ra8 37. Ra1 Ke8 38. Kf3 Kd7 39. Ke2 Kc6 40. Kd1 Bd8 41. Kc2
Bb6 42. Be3 Kd7 43. Bf2 Ke7 44. Be3 Kf7 45. Bd2 Ra7 46. Be3 Ra8 47. Bd2 Ra6 48.
Be3 Ra7 49. Bd2 b4 50. axb4 axb4 51. Rxa7+ Bxa7 52. Kd1 Ke8 53. Be3 Kd7 54. Kc2
Kc6 55. Bf2 Kb5 56. Be3 Ka4 57. Bf2 Bb6 58. Be3 Ba5 59. Bf2 Kb5 60. Be1 Bb6 61.
Bf2 b3+ 62. Kd1 Kc6 63. Be3 Kd7 64. Ke2 Ke7 65. Kf3 Kf7 66. g4 hxg4+ 67. Kxg4
Kg8 68. Bd2 Ba5 69. Bc1 Kh7 70. Bd2 Bb6 71. Be3 Bd8 72. Bd2 Bb6 1/2-1/2

[Event "World Blitz 2015"]
[Site "Berlin GER"]
[Date "2015.10.14"]
[Round "14.32"]
[White "Rublevsky, Sergei"]
[Black "Lagno, Kateryna"]
[Result "1-0"]
[WhiteTitle "GM"]
[BlackTitle "GM"]
[WhiteElo "2702"]
[BlackElo "2523"]
[WhiteFideId "4115309"]
[BlackFideId "14109336"]
[EventDate "2015.10.13"]

1. e4 e5 2. Bc4 Nc6 3. Nc3 Nf6 4. d3 Bc5 5. f4 d6 6. Nf3 Bg4 7. Na4 Bxf3 8. Qxf3
Qd7 9. Nxc5 dxc5 10. O-O O-O-O 11. Qf2 Qe7 12. c3 exf4 13. Bxf4 Ng4 14. Qg3 Nge5
15. Bd5 f6 16. Rad1 g5 17. Be3 Rhf8 18. Kh1 Kb8 19. d4 cxd4 20. cxd4 Ng6 21.
Bxc6 bxc6 22. d5 Qxe4 23. Bxa7+ Kc8 24. Rfe1 Qa4 25. Bc5 Rfe8 26. d6 cxd6 27.
Bxd6 Kb7 28. h3 Nf4 29. b3 Rxe1+ 30. Qxe1 Qa5 31. Qxa5 1-0

[Event "World Blitz 2015"]
[Site "Berlin GER"]
[Date "2015.10.14"]
[Round "14.33"]
[White "Borisek, Jure"]
[Black "Eljanov, Pavel"]
[Result "1/2-1/2"]
[WhiteTitle "GM"]
[BlackTitle "GM"]
[WhiteElo "2565"]
[BlackElo "2717"]
[WhiteFideId "14603152"]
[BlackFideId "14102951"]
[EventDate "2015.10.13"]

1. e4 c6 2. d4 d5 3. e5 Bf5 4. Nf3 e6 5. Be2 Ne7 6. O-O h6 7. Nbd2 Nd7 8. Nb3 g5
9. Bd2 Bg7 10. Ne1 b6 11. Rc1 c5 12. c4 dxc4 13. Bxc4 O-O 14. f4 gxf4 15. Bxf4
Bg6 16. Nf3 Bh5 17. dxc5 Nxc5 18. Nxc5 bxc5 19. Be2 Ng6 20. Be3 Nxe5 21. Nxe5
Qxd1 22. Bxd1 Bxd1 23. Rfxd1 Bxe5 24. b3 Rfd8 25. Rxd8+ Rxd8 26. Rxc5 Bd4 27.
Bxd4 Rxd4 28. Ra5 Rd7 29. Kf2 Kg7 30. g4 Kg6 31. Kf3 f5 32. gxf5+ exf5 33. Kf4
Rd4+ 34. Kf3 Rd7 35. Kf4 Rd4+ 36. Kf3 Rd7 37. Kf4 Rd4+ 1/2-1/2

[Event "World Blitz 2015"]
[Site "Berlin GER"]
[Date "2015.10.14"]
[Round "14.34"]
[White "Navara, David"]
[Black "Jumabayev, Rinat"]
[Result "1-0"]
[WhiteTitle "GM"]
[BlackTitle "GM"]
[WhiteElo "2734"]
[BlackElo "2606"]
[WhiteFideId "309095"]
[BlackFideId "13702661"]
[EventDate "2015.10.13"]

1. e4 e5 2. Nf3 Nc6 3. Bb5 Nf6 4. d3 d6 5. c3 Bd7 6. Nbd2 Ne7 7. Bc4 b5 8. Bb3
h6 9. a4 a6 10. d4 Ng6 11. g3 c5 12. h4 exd4 13. cxd4 cxd4 14. Nxd4 Be7 15. O-O
O-O 16. Re1 Ne5 17. Nf1 Qb6 18. Nf5 Bxf5 19. exf5 Qb7 20. Nh2 Rfd8 21. Bf4 Bf8
22. Qd4 bxa4 23. Bxa4 Rab8 24. Re2 Nfg4 25. Bxe5 Nxe5 26. Ra3 Be7 27. Bb3 Bf6
28. Bd5 Qc8 29. Qe4 Qc1+ 30. Kg2 Rxb2 31. Rxb2 Qxb2 32. Rxa6 Qc3 33. Ra7 Qc5 34.
Rb7 Kf8 35. Ng4 Rd7 36. Nxe5 Rxb7 37. Nd3 Qc3 38. Bxb7 1-0

[Event "World Blitz 2015"]
[Site "Berlin GER"]
[Date "2015.10.14"]
[Round "14.36"]
[White "Fedoseev, Vladimir3"]
[Black "Grandelius, Nils"]
[Result "1-0"]
[WhiteTitle "GM"]
[BlackTitle "GM"]
[WhiteElo "2659"]
[BlackElo "2647"]
[WhiteFideId "24130737"]
[BlackFideId "1710400"]
[EventDate "2015.10.13"]

1. e4 e5 2. Nf3 Nc6 3. Bb5 a6 4. Ba4 Nf6 5. O-O Be7 6. Re1 b5 7. Bb3 d6 8. a4
Bg4 9. c3 O-O 10. h3 Bxf3 11. Qxf3 Na5 12. Bc2 b4 13. d3 Rb8 14. Nd2 bxc3 15.
bxc3 Nd7 16. Ba3 Bg5 17. Nf1 Nb3 18. Rad1 c5 19. d4 exd4 20. cxd4 Nxd4 21. Rxd4
cxd4 22. Bxd6 Rb2 23. Bxf8 Qxf8 24. Qf5 Qe7 25. e5 g6 26. Qd3 Qb4 27. Re2 Nc5
28. Qg3 Ne6 29. Qf3 Nf4 30. e6 Nxe6 31. g3 Kg7 32. h4 Bf6 33. Nh2 Qc3 34. Bd3 h5
35. Rxb2 Qxb2 36. Bxa6 Qa1+ 37. Kg2 Qxa4 38. Bb7 Nc5 39. Bd5 Qd7 40. Nf1 d3 41.
Nd2 Qd6 42. Nc4 Qe7 43. Nd2 Qe2 44. Nc4 Bd4 45. Qxf7+ Kh6 46. Qf4+ Kh7 47. Qxd4
Nb3 48. Qa7+ Kh6 49. Qe3+ Kg7 50. Qa7+ Kh6 51. Qb8 1-0

[Event "World Blitz 2015"]
[Site "Berlin GER"]
[Date "2015.10.14"]
[Round "14.37"]
[White "Savchenko, Boris"]
[Black "Naumann, Alexander"]
[Result "1-0"]
[WhiteTitle "GM"]
[BlackTitle "GM"]
[WhiteElo "2567"]
[BlackElo "2545"]
[WhiteFideId "4147332"]
[BlackFideId "4623169"]
[EventDate "2015.10.13"]

1. Nf3 d5 2. g3 g6 3. Bg2 Bg7 4. c4 c6 5. O-O Nf6 6. cxd5 cxd5 7. d4 O-O 8. Nc3
Ne4 9. Bf4 Nc6 10. Qb3 Nxc3 11. bxc3 b6 12. Ne5 Nxe5 13. Bxd5 Bh3 14. dxe5 Bxf1
15. Rxf1 Rc8 16. Rd1 Qe8 17. e6 f5 18. c4 Rc5 19. Bd2 Qc8 20. Bb4 Rc7 21. Qa3
Bf6 22. Qb3 Kg7 23. a4 Rd8 24. Rd3 Qb8 25. Ba3 Rcc8 26. Kg2 Qe5 27. Re3 Qc7 28.
Qb5 Bd4 29. Rd3 Bf6 30. Rb3 Qe5 31. Re3 Qc7 32. Qa6 Rb8 33. Rd3 Be5 34. Re3 Bf6
35. Rd3 Be5 36. h3 Bf6 37. Rf3 Bd4 38. Rf4 Be5 39. Rf3 Bf6 40. Re3 Bd4 41. Rd3
Bf6 42. Qb5 Qe5 43. Re3 Qc7 44. Qb3 Bd4 45. Rd3 Bf6 46. Rf3 Rf8 47. Qb5 Rfd8 48.
Qb1 Rf8 49. g4 fxg4 50. hxg4 Be5 51. Re3 Bd4 52. Qe4 Bxe3 53. Bb2+ Kg8 54. fxe3
Rbe8 55. Qd4 Rf6 56. g5 Qc5 57. gxf6 1-0

[Event "World Blitz 2015"]
[Site "Berlin GER"]
[Date "2015.10.14"]
[Round "14.38"]
[White "Anton Guijarro, David"]
[Black "Matlakov, Maxim"]
[Result "1-0"]
[WhiteTitle "GM"]
[BlackTitle "GM"]
[WhiteElo "2634"]
[BlackElo "2689"]
[WhiteFideId "2285525"]
[BlackFideId "4168003"]
[EventDate "2015.10.13"]

1. e4 c5 2. Nc3 e6 3. Nf3 Nc6 4. Bb5 Nge7 5. O-O a6 6. Bxc6 Nxc6 7. d4 cxd4 8.
Nxd4 Qc7 9. Re1 d6 10. Nxc6 bxc6 11. b3 e5 12. Na4 Be7 13. c4 O-O 14. Be3 Be6
15. Qc2 f5 16. exf5 Bxf5 17. Qd2 Rae8 18. Rad1 h6 19. Qc3 Bf6 20. Qb4 Re6 21.
Rd2 Be7 22. Qb6 Qc8 23. Qa7 Qe8 24. Qxa6 Rg6 25. f3 Bc8 26. Qa8 Bh4 27. Rf1 e4
28. f4 Qe6 29. Qxc6 Kh8 30. Nb6 Qf5 31. Nxc8 Rxc8 32. Qd5 Qg4 33. a4 Bf6 34. a5
Bc3 35. Ra2 Rb8 36. f5 Rf6 37. a6 1-0

[Event "World Blitz 2015"]
[Site "Berlin GER"]
[Date "2015.10.14"]
[Round "14.39"]
[White "Huzman, Alexander"]
[Black "Guseinov, Gadir"]
[Result "0-1"]
[WhiteTitle "GM"]
[BlackTitle "GM"]
[WhiteElo "2580"]
[BlackElo "2634"]
[WhiteFideId "2803828"]
[BlackFideId "13401378"]
[EventDate "2015.10.13"]

1. d4 Nf6 2. g3 g6 3. Bg2 Bg7 4. e4 d6 5. Ne2 O-O 6. Nbc3 Nbd7 7. O-O c6 8. a4
a5 9. h3 e5 10. Be3 exd4 11. Nxd4 Re8 12. Nde2 Nc5 13. f3 Na6 14. Qd2 Nb4 15. f4
Qe7 16. Bf2 d5 17. e5 Ne4 18. Nxe4 dxe4 19. Nc3 e3 20. Bxe3 Bf5 21. Ne4 Rad8 22.
Qf2 Qe6 23. Bb6 Ra8 24. Nd6 Bxh3 25. Bxh3 Qxh3 26. Nxe8 Rxe8 27. Rad1 h5 28. Rd8
Rxd8 29. Bxd8 Bf8 30. Bb6 Nd5 31. Bd4 Ne7 32. Qg2 Qg4 33. Qf3 Qe6 34. b3 Nf5 35.
Bf2 Nh6 36. Rd1 Be7 37. Kg2 Ng4 38. Bg1 h4 39. gxh4 Nh6 40. Bf2 Qf5 41. Rd3 Kh7
42. Qh3 Qe4+ 43. Qf3 Qf5 44. Qe3 Qg4+ 45. Qg3 Qf5 46. Kg1 Ng4 47. Qf3 Nh6 48.
Bg3 Bc5+ 49. Bf2 Be7 50. Rd2 Ng4 51. Kg2 Nh6 52. Qe3 Qg4+ 53. Qg3 Qf5 54. Qf3
Ng4 55. Bg3 Bc5 56. Qd3 Ne3+ 57. Kg1 Qh3 58. Re2 Ng4+ 59. Bf2 Qh2+ 0-1

[Event "World Blitz 2015"]
[Site "Berlin GER"]
[Date "2015.10.14"]
[Round "14.40"]
[White "Bluebaum, Matthias"]
[Black "Riazantsev, Alexander"]
[Result "1-0"]
[WhiteTitle "GM"]
[BlackTitle "GM"]
[WhiteElo "2588"]
[BlackElo "2646"]
[WhiteFideId "24651516"]
[BlackFideId "4125029"]
[EventDate "2015.10.13"]

1. d4 Nf6 2. c4 e6 3. g3 d5 4. Bg2 Bb4+ 5. Nd2 O-O 6. Nf3 b6 7. O-O Bb7 8. a3
Be7 9. cxd5 exd5 10. b4 c6 11. Ne5 Nbd7 12. Bb2 a6 13. Rc1 Rc8 14. Qb3 b5 15.
Nxd7 Nxd7 16. e4 Nb6 17. e5 Nc4 18. Nxc4 bxc4 19. Qe3 a5 20. Bc3 axb4 21. axb4
Ra8 22. f4 f5 23. Ra1 Qb6 24. Qd2 Rfb8 25. Ra5 Bc8 26. Rfa1 Rxa5 27. bxa5 Qa6
28. Qc2 Be6 29. Rb1 Rb5 30. Rxb5 cxb5 31. Qb2 Qc6 32. Bf1 b4 33. Bxb4 Bxb4 34.
Qxb4 c3 35. Qb1 c2 36. Qc1 Qc3 37. a6 Qxd4+ 38. Kg2 Qd1 39. a7 Qxc1 40. a8=Q+
Kf7 41. Qb7+ Kf8 42. Qb8+ Ke7 43. Qd6+ Kf7 44. Qc7+ Kg6 45. Qc6 Qd2+ 46. Kh3 Kf7
47. Qc7+ Kf8 48. Qd8+ Kf7 49. Qc7+ Kg6 50. Qc6 Kf7 51. Qc7+ Ke8 52. Bb5+ Kf8 53.
Qd8+ 1-0

[Event "World Blitz 2015"]
[Site "Berlin GER"]
[Date "2015.10.14"]
[Round "14.41"]
[White "Bacrot, Etienne"]
[Black "Demuth, Adrien"]
[Result "1-0"]
[WhiteTitle "GM"]
[BlackTitle "GM"]
[WhiteElo "2697"]
[BlackElo "2545"]
[WhiteFideId "605506"]
[BlackFideId "642274"]
[EventDate "2015.10.13"]

1. Nf3 d5 2. b3 Nf6 3. Bb2 g6 4. c4 c6 5. e3 Bg7 6. Be2 O-O 7. O-O a5 8. Nc3 Bf5
9. Rc1 Na6 10. cxd5 Nxd5 11. d4 Nab4 12. a3 Nxc3 13. Rxc3 Nd5 14. Rc1 Re8 15.
Re1 Qd6 16. Nd2 Nb6 17. Nf3 Rad8 18. Qd2 a4 19. Qa5 Qc7 20. b4 Nd5 21. Qc5 Nf6
22. b5 Rc8 23. Qb4 Ra8 24. Ne5 Nd5 25. Qc5 Bxe5 26. dxe5 Rec8 27. Qd4 Be6 28.
Bf3 Qb6 29. Qxb6 Nxb6 30. bxc6 bxc6 31. Bxc6 Rab8 32. Bd4 Bb3 33. e6 fxe6 34.
Be5 Nc4 35. Bxb8 Rxc6 36. Ra1 Kf7 37. Bg3 e5 38. h4 Ke6 39. Rec1 Rb6 40. Rc3 Rd6
41. f3 Rd2 42. Be1 Re2 43. Bf2 Ra2 44. Rxa2 Bxa2 45. e4 Kd6 46. Rc1 Bb3 47. Be1
Kc5 48. Bb4+ Kd4 49. Bxe7 Ke3 50. Kh2 h5 51. Ra1 Kd3 52. Kh3 Kc2 53. Re1 Kb2 54.
f4 exf4 55. e5 Ne3 56. Bc5 Be6+ 57. Kh2 Ng4+ 58. Kg1 Kb3 59. Re4 Ne3 60. Bxe3
fxe3 61. Rxe3+ Kc4 62. Kf2 1-0

[Event "World Blitz 2015"]
[Site "Berlin GER"]
[Date "2015.10.14"]
[Round "14.42"]
[White "Bindrich, Falko"]
[Black "Bogdanovich, Stanislav"]
[Result "0-1"]
[WhiteTitle "GM"]
[BlackTitle "IM"]
[WhiteElo "2594"]
[BlackElo "2590"]
[WhiteFideId "4676670"]
[BlackFideId "14115298"]
[EventDate "2015.10.13"]

1. d4 Nf6 2. Nf3 b6 3. Bf4 Bb7 4. h3 e6 5. e3 c5 6. Be2 Nc6 7. Bh2 Be7 8. O-O
O-O 9. Nbd2 Rc8 10. c3 d6 11. Re1 Re8 12. Bd3 Bf8 13. Rc1 e5 14. dxe5 Nxe5 15.
Be2 Ng6 16. a4 d5 17. a5 Bd6 18. Bxd6 Qxd6 19. Ra1 Bc6 20. axb6 axb6 21. Qb3 Qc7
22. Ra6 Nd7 23. Bb5 c4 24. Qa4 Nc5 25. Bxc6 Nxa4 26. Bxe8 Nc5 27. Bb5 Nxa6 28.
Bxa6 Ra8 29. Bb5 Ra2 30. e4 Rxb2 31. Be8 d4 32. Nb1 d3 33. Nbd2 Nf4 34. Ra1 Ne2+
35. Kh1 g6 36. Ra3 Rxd2 37. Nxd2 Qf4 0-1

[Event "World Blitz 2015"]
[Site "Berlin GER"]
[Date "2015.10.14"]
[Round "14.44"]
[White "Ragger, Markus"]
[Black "Mikhalevski, Victor"]
[Result "1-0"]
[WhiteTitle "GM"]
[BlackTitle "GM"]
[WhiteElo "2698"]
[BlackElo "2536"]
[WhiteFideId "1610856"]
[BlackFideId "2801914"]
[EventDate "2015.10.13"]

1. d4 Nf6 2. c4 g6 3. Nc3 d5 4. cxd5 Nxd5 5. Bd2 Bg7 6. e4 Nxc3 7. Bxc3 c5 8. d5
Bxc3+ 9. bxc3 O-O 10. Qd2 e6 11. Bc4 exd5 12. Bxd5 Nd7 13. Nf3 Nf6 14. O-O Nxd5
15. exd5 Qf6 16. Rfe1 Bf5 17. c4 Rfe8 18. Qf4 Re4 19. Rxe4 Qxa1+ 20. Re1 Qxa2
21. g4 Bd3 22. Ne5 Be2 23. Qxf7+ Kh8 24. Qf6+ Kg8 25. Nf7 Qd2 26. Rxe2 Qc1+ 27.
Kg2 Rf8 28. g5 1-0

[Event "World Blitz 2015"]
[Site "Berlin GER"]
[Date "2015.10.14"]
[Round "14.45"]
[White "Lenic, Luka"]
[Black "Khismatullin, Denis"]
[Result "0-1"]
[WhiteTitle "GM"]
[BlackTitle "GM"]
[WhiteElo "2639"]
[BlackElo "2651"]
[WhiteFideId "14603853"]
[BlackFideId "4142578"]
[EventDate "2015.10.13"]

1. d4 Nf6 2. c4 e6 3. Nc3 Bb4 4. e3 O-O 5. Bd3 d5 6. Nf3 c5 7. O-O dxc4 8. Bxc4
cxd4 9. exd4 b6 10. Bg5 Bb7 11. Qe2 Nbd7 12. Ne5 Bxc3 13. bxc3 Qc7 14. Nxd7 Qxd7
15. Bxf6 gxf6 16. Qg4+ Kh8 17. Qh4 Qd8 18. d5 Rg8 19. Rad1 Rg5 20. g3 Bxd5 21.
Bxd5 exd5 22. Rd3 Rc8 23. c4 Rc5 24. Rfd1 Kg7 25. cxd5 Rcxd5 26. Rxd5 Rxd5 27.
Qg4+ Kf8 28. Re1 Re5 29. Rc1 h5 30. Qf4 Kg7 31. h4 Qd5 32. a3 a5 33. Rb1 b5 34.
Rc1 Qd3 35. Rc6 Rf5 36. Qe3 Qxe3 37. fxe3 Rf3 38. Rc5 Rxe3 39. Rxb5 Rxg3+ 40.
Kf2 Rxa3 41. Rxh5 Kg6 42. Rb5 f5 43. Kg2 f6 44. Kf2 a4 45. Kg2 Rb3 46. Ra5 a3
47. Kf2 f4 48. Kg2 f5 49. Kf2 Kh5 50. Rxf5+ Kg4 51. Rg5+ Kxh4 52. Rg8 Rc3 53.
Rg7 Kh5 54. Rg8 Kh4 55. Rg7 Kh5 56. Rg8 Rc1 57. Ra8 Ra1 58. Rh8+ Kg6 59. Rg8+
Kf7 60. Rg4 a2 61. Rxf4+ Ke6 62. Re4+ Kd5 63. Re2 Rh1 0-1

[Event "World Blitz 2015"]
[Site "Berlin GER"]
[Date "2015.10.14"]
[Round "14.46"]
[White "Hjartarson, Johann"]
[Black "Swiercz, Dariusz"]
[Result "1/2-1/2"]
[WhiteTitle "GM"]
[BlackTitle "GM"]
[WhiteElo "2529"]
[BlackElo "2620"]
[WhiteFideId "2300044"]
[BlackFideId "1126881"]
[EventDate "2015.10.13"]

1. e4 e6 2. d4 d5 3. Nc3 Nf6 4. e5 Nfd7 5. f4 c5 6. Nf3 Nc6 7. Be3 Be7 8. Qd2
O-O 9. Be2 b6 10. O-O f5 11. a3 Kh8 12. h3 cxd4 13. Nxd4 Nxd4 14. Bxd4 Nc5 15.
b4 Ne4 16. Nxe4 dxe4 17. c4 Qc7 18. Be3 Bb7 19. Rfd1 Rfd8 20. Qc2 Kg8 21. Rxd8+
Rxd8 22. Rd1 Rc8 23. Kf2 a5 24. Qb2 axb4 25. axb4 Ra8 26. Qb3 Kf7 27. Rc1 Qc6
28. c5 bxc5 29. bxc5 Rc8 30. Bb5 Qd5 31. Bc4 Qc6 32. Rd1 Ba6 33. Bxa6 Qxa6 34.
Rd7 Qc6 35. Qb7 Qxb7 36. Rxb7 Kf8 37. Rb5 Ke8 38. g4 g6 39. Ke2 Kd7 40. Kd2 Kc6
41. Ra5 Kd5 42. Ra7 Bxc5 43. Rxh7 Bxe3+ 44. Kxe3 Rc3+ 45. Ke2 Rg3 46. Rd7+ Kc4
47. Rd6 Rxh3 48. Rxe6 g5 49. gxf5 gxf4 50. f6 Rh2+ 51. Kf1 Kd3 52. f7 e3 53.
Rd6+ Ke4 54. f8=Q e2+ 55. Ke1 Ke3 56. Rd3+ Kxd3 57. Qa3+ Ke4 58. e6 f3 59. Qb4+
Ke3 60. Qc5+ Ke4 61. Qc6+ Ke3 62. Qc5+ Ke4 63. Qg1 Rg2 64. Qh1 Ke3 65. Qh6+ Ke4
66. Kd2 Kd5 67. e7 e1=Q+ 68. Kxe1 Re2+ 69. Kf1 Rxe7 70. Kf2 Rf7 71. Qg6 Rf4 72.
Qg5+ Ke4 73. Qc5 Rf5 74. Qc2+ Ke5 75. Qd3 Ke6 76. Qe4+ Kf6 77. Qe3 Kg6 78. Qe6+
Kg5 79. Qd6 Rf6 80. Qg3+ Kh6 81. Qh4+ Kg7 82. Qg5+ Kf7 83. Qg4 Ke7 84. Qe4+ Kf7
85. Qe5 Kg6 86. Qe7 Rf5 87. Qe6+ Rf6 88. Qg8+ Kh6 89. Qg4 Rf7 90. Qh3+ Kg5 91.
Qe6 Rf5 92. Qg8+ Kh6 93. Qg4 Rf6 94. Qg8 Rf5 95. Qh8+ Kg6 96. Qg8+ Kh6 97. Qg4
Rf6 98. Qh4+ 1/2-1/2

[Event "World Blitz 2015"]
[Site "Berlin GER"]
[Date "2015.10.14"]
[Round "14.47"]
[White "Papin, Vasily"]
[Black "Volokitin, Andrei"]
[Result "0-1"]
[WhiteTitle "GM"]
[BlackTitle "GM"]
[WhiteElo "2502"]
[BlackElo "2639"]
[WhiteFideId "4143183"]
[BlackFideId "14107090"]
[EventDate "2015.10.13"]

1. c4 c5 2. g3 Nf6 3. Bg2 d5 4. cxd5 Nxd5 5. Nc3 Nc7 6. Qa4+ Bd7 7. Qc4 Nc6 8.
Qxc5 Ne6 9. Qe3 Ncd4 10. Be4 f5 11. Bb1 Bc6 12. f3 g6 13. Nh3 Bg7 14. Nf2 O-O
15. Nd3 Qd6 16. b3 Nc7 17. Bb2 e5 18. O-O f4 19. gxf4 exf4 20. Qf2 Nxf3+ 21.
exf3 Bd4 22. Ne4 Bxf2+ 23. Ndxf2 Qe7 24. Ng4 h5 25. Ngf6+ Rxf6 26. Nxf6+ Kf7 27.
Ne4 Ne6 28. Bd3 Ng5 29. Bc4+ Kf8 30. Bf6 Nh3+ 31. Kg2 Qd7 32. Bc3 Bxe4 33. fxe4
Qg4+ 34. Kh1 f3 35. Bb4+ Kg7 0-1

[Event "World Blitz 2015"]
[Site "Berlin GER"]
[Date "2015.10.14"]
[Round "14.48"]
[White "Munoz Pantoja, Miguel"]
[Black "Al-Sayed, Mohammed"]
[Result "0-1"]
[WhiteTitle "GM"]
[BlackTitle "GM"]
[WhiteElo "2441"]
[BlackElo "2520"]
[WhiteFideId "3800229"]
[BlackFideId "12100196"]
[EventDate "2015.10.13"]

1. e4 c5 2. g3 d5 3. exd5 Qxd5 4. Nf3 Bg4 5. Bg2 Qe6+ 6. Kf1 Nc6 7. h3 Bh5 8. d3
Nf6 9. Nbd2 Qd7 10. a4 e6 11. Nc4 Be7 12. g4 Bg6 13. Nfe5 Nxe5 14. Nxe5 Qc7 15.
Bf4 Bd6 16. Qe2 O-O 17. a5 Rad8 18. h4 Nxg4 19. Nxg6 fxg6 20. Bxd6 Rxf2+ 21.
Qxf2 Qxd6 22. Qe2 Rf8+ 23. Ke1 Qg3+ 24. Kd1 Ne3+ 25. Kc1 Rf2 26. Qe1 Qxg2 27.
Kb1 Rxc2 28. Ra2 Re2 29. Qc1 Qd5 30. Ra3 Nc2 31. Rc3 Nb4 32. b3 Nxd3 33. Qd1
Rb2+ 34. Ka1 Qg2 35. Rc2 Rxc2 0-1